Bionicle, Volumn 7: (Record no. 8192)

MARC details
000 -LEADER
fixed length control field 01387nam a22002297a 4500
001 - CONTROL NUMBER
control field 8192
003 - CONTROL NUMBER IDENTIFIER
control field FISKH
005 - DATE AND TIME OF LATEST TRANSACTION
control field 20250901154354.0
008 - FIXED-LENGTH DATA ELEMENTS--GENERAL INFORMATION
fixed length control field 250901b cb ||||| |||| 00| 0 eng d
020 ## - INTERNATIONAL STANDARD BOOK NUMBER
International Standard Book Number 9781597071673
040 ## - CATALOGING SOURCE
Original cataloging agency FISKH
Language of cataloging eng
Transcribing agency FISKH
Modifying agency FISKH
082 ## - DEWEY DECIMAL CLASSIFICATION NUMBER
Classification number 741.5
100 ## - MAIN ENTRY--PERSONAL NAME
Personal name Farshtey, Greg
245 ## - TITLE STATEMENT
Title Bionicle, Volumn 7:
Remainder of title Realm of fear /
Statement of responsibility, etc. Writer : Greg Farshtey ; Artist Christian Zanier
260 ## - PUBLICATION, DISTRIBUTION, ETC.
Place of publication, distribution, etc. New York :
Name of publisher, distributor, etc. Papercutz,
Date of publication, distribution, etc. 2000.
300 ## - PHYSICAL DESCRIPTION
Extent 72 pages :
Other physical details color illustrations ;
Dimensions 20 cm
520 ## - SUMMARY, ETC.
Summary, etc. Toa Mahri Matora has been forced to sacrifice himself in order to save the great spirit Mata Nui, and the remaining Toa are in discord as a result. Mata Nui remains asleep, the world in disarray, and the Toa are left stuck in a swamp, planning their next move against the Makuta and trying to discover a way to awaken the great spirit Mata Nui. The Mask of Light, meanwhile, has taken on a life of its own as its true power has not yet been discovered. The mask becomes an entity all its own, andinstead of creating new guardians decides to guard itself, transforming into the powerful Toa Ignkika! Now, the Toa must team up with the Toa Ignika to awaken Mata Nui, and face dangers beyond anything they've seen before.
650 ## - SUBJECT ADDED ENTRY--TOPICAL TERM
Topical term or geographic name entry element Juvenile Literature
Form subdivision Fiction
700 ## - ADDED ENTRY--PERSONAL NAME
Personal name Zanier, Christian
Relator term illustrator
942 ## - ADDED ENTRY ELEMENTS (KOHA)
Source of classification or shelving scheme Dewey Decimal Classification
Koha item type Books
Suppress in OPAC No
Holdings
Withdrawn status Lost status Source of classification or shelving scheme Damaged status Not for loan Collection Home library Current library Shelving location Date acquired Total Checkouts Full call number Barcode Date last seen Copy number Price effective from Koha item type
    Dewey Decimal Classification     Fiction Footprints International School Library Network Toul Kork Campus Footprints International School Library Network Toul Kork Campus A TK Campus, Comic Books (All Reading Levels), B401 Bookcase 1/2, Shelf 3 09/01/2025   FAR 741.5 PZ7 FISTK01011 09/01/2025 1 09/01/2025 Books